00778nam a22002177a 450000500170000001000250001702000260004203500130006803500190008103700120010003700130011208200110012510000180013624501920015425000120034626000290035827000390038730000310042650000830045770000200054020180618095812.0 a1516EN07 ENG-114518 a9788121930765c825.00 aEN-98050 aB-612598A-616A bTechniz bDBAD/PUB a657.42 aTulsian, P.C. aTulsian's Quick revision for cost accounting for CA-IPC (group-1) :cby P.C. Tulsian [and] Bharat TulsianbSupplement to the main textbook Tulsian's cost accounting for CA-IPC(Group-I)/  arev. ed aNew DelhibS.Chandc2015 a7361, Ram NagarbNew Delhie110055 avarious pagingsc24cm(pbk) aSupplement to the main textbook Tulsian's cost accounting for CA-IPC(Group-I)  aTulsian, Bharat